Fundamentals of mass media and communication. (Record no. 108262)
[ view plain ]
| 000 -LEADER | |
|---|---|
| fixed length control field | 00381nam a2200145Ia 4500 |
| 008 - FIXED-LENGTH DATA ELEMENTS--GENERAL INFORMATION | |
| fixed length control field | 210210b2006 xxu||||| |||| 00| 0 eng d |
| 020 ## - INTERNATIONAL STANDARD BOOK NUMBER | |
| International Standard Book Number | 81 89582 17 8 |
| 082 ## - DEWEY DECIMAL CLASSIFICATION NUMBER | |
| Classification number | 070.1 DEVF |
| 100 ## - MAIN ENTRY--PERSONAL NAME | |
| Personal name | DEVI (Meena). |
| 245 ## - TITLE STATEMENT | |
| Title | Fundamentals of mass media and communication. |
| 260 ## - PUBLICATION, DISTRIBUTION, ETC. | |
| Place of publication, distribution, etc. | New Delhi. |
| Name of publisher, distributor, etc. | Alfa publication. |
| Date of publication, distribution, etc. | 2006 |
| 300 ## - PHYSICAL DESCRIPTION | |
| Extent | 270 |
| 690 ## - LOCAL SUBJECT ADDED ENTRY--TOPICAL TERM (OCLC, RLIN) | |
| Topical term or geographic name as entry element | Journalism |
| 906 ## - LOCAL DATA ELEMENT F, LDF (RLIN) | |
| a | 061306 |
| Withdrawn status | Lost status | Damaged status | Not for loan | Collection code | Home library | Current library | Shelving location | Date acquired | Source of acquisition | Cost, normal purchase price | Total Checkouts | Full call number | Barcode | Date last seen | Price effective from | Koha item type |
|---|---|---|---|---|---|---|---|---|---|---|---|---|---|---|---|---|
| St Aloysius Library | St Aloysius Library | 02/17/2021 | Alka Prakashan Kanpur-208007 | 650.00 | 070.1 DEVF | 061306 | 02/17/2021 | 02/17/2021 | Book |